000 00296nam a22001337a 4500
008 181017b xxu||||| |||| 00| 0 eng d
020 _a9780781731942
041 _aeng
080 _25th
_a611
100 _a6
101 _aANA
245 _aColor Atlas of Anatomy
_cRohen,J.W
942 _2udc
_cBK
999 _c50011
_d50011